Semiconductor devices for optical communication /

Bibliographic Details
Other Authors: Kressel, Henry, Arnold, G. (Günther)
Format: Book
Language:English
Published: Berlin ; New York : Springer-Verlag, 1982.
Edition:2nd updated ed.
Series:Topics in applied physics ; v. 39.
Subjects:

MARC

Tag First Indicator Second Indicator Subfields
LEADER 00000pam a2200000 a 4500
001 in00000049924
005 20151007075910.0
008 820113s1982 wb a b 00100 eng
010 |a  81023324  
020 |a 0387113487 (U.S.) 
035 |a (OCoLC)08132575 
035 |9 AAF3969AM 
039 0 |a 2  |b 3  |c 3  |d 3  |e 3 
040 |a DLC  |c DLC  |d TXA  |d UtOrBLW 
049 |a TXAM  |c [1197046] 
050 0 0 |a TK5103.59  |b  S45 1982 
082 0 |a 621.38/0414/028  |2 19 
245 0 0 |a Semiconductor devices for optical communication /  |c edited by H. Kressel ; with contributions by G. Arnold [and others]. 
250 |a 2nd updated ed. 
264 1 |a Berlin ;  |a New York :  |b Springer-Verlag,  |c 1982. 
300 |a xiv, 309 pages :  |b illustrations ;  |c 23 cm. 
336 |a text  |b txt  |2 rdacontent 
337 |a unmediated  |b n  |2 rdamedia 
338 |a volume  |b nc  |2 rdacarrier 
490 1 |a Topics in applied physics ;  |v v. 39 
504 |a Includes bibliographical references and index. 
650 0 |a Optical communications. 
650 0 |a Semiconductors. 
700 1 |a Kressel, Henry. 
700 1 |a Arnold, G.  |q (Günther) 
830 0 |a Topics in applied physics ;  |v v. 39. 
999 |a MARS 
999 f f |s 92df891d-5b22-38ef-9443-c71db72396bc  |i 31cfcb8e-5a51-375c-b3b8-2aeec14ec3c2  |t 0 
952 f f |p ric  |a Texas A&M University  |b Rellis Campus  |c Joint Library Facility  |d Remote Storage  |t 0  |e TK5103.59 S45 1982  |h Library of Congress classification  |i unmediated -- volume  |m A14805944874 
998 f f |a TK5103.59 S45 1982  |t 0  |l Remote Storage